<?xml version="1.0" encoding="UTF-8"?>
<record
    xmlns:xsi="http://www.w3.org/2001/XMLSchema-instance"
    xsi:schemaLocation="http://www.loc.gov/MARC21/slim http://www.loc.gov/standards/marcxml/schema/MARC21slim.xsd"
    xmlns="http://www.loc.gov/MARC21/slim">

  <leader>01311cam2a220032501 4500</leader>
  <controlfield tag="001">tmp15762596</controlfield>
  <controlfield tag="003">UPRA</controlfield>
  <controlfield tag="005">20190822115057.0</controlfield>
  <controlfield tag="007">sdubmmennuuune</controlfield>
  <controlfield tag="008">951023s1956    nyu                     u</controlfield>
  <datafield tag="028" ind1="0" ind2="2">
    <subfield code="a">XWN 18230 Westminster</subfield>
    <subfield code="b">XWN 18230 Westminster</subfield>
  </datafield>
  <datafield tag="035" ind1=" " ind2=" ">
    <subfield code="a">(Sirsi) r51859</subfield>
  </datafield>
  <datafield tag="035" ind1=" " ind2=" ">
    <subfield code="a">(UPRA)tmp15762596</subfield>
  </datafield>
  <datafield tag="040" ind1=" " ind2=" ">
    <subfield code="c">UPRA</subfield>
  </datafield>
  <datafield tag="041" ind1="0" ind2=" ">
    <subfield code="g">eng</subfield>
  </datafield>
  <datafield tag="100" ind1="1" ind2=" ">
    <subfield code="a">Bizet, Georges, 1838-1875.</subfield>
    <subfield code="d">Bizet, Georges, 1838-1875.</subfield>
    <subfield code="6">A10164.1</subfield>
  </datafield>
  <datafield tag="240" ind1=" " ind2=" ">
    <subfield code="a">12a26.1..1.13 k26.1..15.7 n26.1..23.13</subfield>
    <subfield code="h">Sound recording</subfield>
  </datafield>
  <datafield tag="245" ind1="1" ind2="2">
    <subfield code="a">L'Arlesienne suites nos. 1 and 2</subfield>
    <subfield code="h">[sound recording].</subfield>
  </datafield>
  <datafield tag="260" ind1=" " ind2=" ">
    <subfield code="a">New York :</subfield>
    <subfield code="b">Westminster,</subfield>
    <subfield code="c">1956.</subfield>
  </datafield>
  <datafield tag="500" ind1=" " ind2=" ">
    <subfield code="a">Sleeve notes by James Lyons.</subfield>
  </datafield>
  <datafield tag="501" ind1=" " ind2=" ">
    <subfield code="a">With: Bizet, G., Carmen suites, nos. 1 and 2.</subfield>
  </datafield>
  <datafield tag="511" ind1="0" ind2=" ">
    <subfield code="a">Artur Rodzinski conducting the Philharmonic Symphony Orchestra of London.</subfield>
  </datafield>
  <datafield tag="650" ind1=" " ind2="0">
    <subfield code="a">Suites (Orchestra)</subfield>
    <subfield code="6">S6167.1</subfield>
  </datafield>
  <datafield tag="700" ind1="1" ind2=" ">
    <subfield code="a">Redzinski, Artur.</subfield>
    <subfield code="6">A10166.1</subfield>
  </datafield>
  <datafield tag="700" ind1="1" ind2=" ">
    <subfield code="a">Bizet, G. Carmen suites, no. 1.</subfield>
    <subfield code="t">Bizet, G. Carmen suites, no. 1.</subfield>
    <subfield code="n">Bizet, G. Carmen suites, no. 1.</subfield>
    <subfield code="6">A10167.1</subfield>
  </datafield>
  <datafield tag="700" ind1="1" ind2=" ">
    <subfield code="a">Bizet, G. Carmen suites, no. 2.</subfield>
    <subfield code="t">Bizet, G. Carmen suites, no. 2.</subfield>
    <subfield code="n">Bizet, G. Carmen suites, no. 2.</subfield>
    <subfield code="6">A10168.1</subfield>
  </datafield>
  <datafield tag="710" ind1="2" ind2=" ">
    <subfield code="a">Philharmonic Symphony of London.</subfield>
    <subfield code="6">A10169.1</subfield>
  </datafield>
  <datafield tag="949" ind1=" " ind2=" ">
    <subfield code="a">M1003</subfield>
    <subfield code="w">lcc</subfield>
    <subfield code="i">-65759</subfield>
    <subfield code="m">MAIN</subfield>
    <subfield code="t">BOOK</subfield>
    <subfield code="l">ON-SHELF</subfield>
  </datafield>
  <controlfield tag="004">51859</controlfield>
  <datafield tag="999" ind1=" " ind2=" ">
    <subfield code="c">133651</subfield>
    <subfield code="d">133651</subfield>
  </datafield>
</record>
